<?xml version="1.0" encoding="UTF-8"?><?xml-stylesheet type="text/xsl" href="static/style.xsl"?><OAI-PMH xmlns="http://www.openarchives.org/OAI/2.0/" xmlns:xsi="http://www.w3.org/2001/XMLSchema-instance" xsi:schemaLocation="http://www.openarchives.org/OAI/2.0/ http://www.openarchives.org/OAI/2.0/OAI-PMH.xsd"><responseDate>2026-06-29T02:07:47Z</responseDate><request verb="GetRecord" identifier="oai:docta.ucm.es:20.500.14352/132269" metadataPrefix="marc">https://docta.ucm.es/rest/oai/request</request><GetRecord><record><header><identifier>oai:docta.ucm.es:20.500.14352/132269</identifier><datestamp>2026-02-13T00:57:40Z</datestamp><setSpec>com_20.500.14352_14</setSpec><setSpec>col_20.500.14352_18</setSpec></header><metadata><record xmlns="http://www.loc.gov/MARC21/slim" xmlns:dcterms="http://purl.org/dc/terms/" xmlns:xsi="http://www.w3.org/2001/XMLSchema-instance" xmlns:doc="http://www.lyncode.com/xoai" xsi:schemaLocation="http://www.loc.gov/MARC21/slim http://www.loc.gov/standards/marcxml/schema/MARC21slim.xsd">
   <leader>00925njm 22002777a 4500</leader>
   <datafield ind2=" " ind1=" " tag="042">
      <subfield code="a">dc</subfield>
   </datafield>
   <datafield ind2=" " ind1=" " tag="720">
      <subfield code="a">Hernández Casado, Cristina</subfield>
      <subfield code="e">author</subfield>
   </datafield>
   <datafield ind2=" " ind1=" " tag="260">
      <subfield code="c">2024</subfield>
   </datafield>
   <datafield ind2=" " ind1=" " tag="520">
      <subfield code="a">El propósito inicial de este libro es mostrar la trayectoria y el cursus honorum del hombre de negocios portugués y banquero más destacado de Felipe IV durante la década de 1640: Jorge de Paz Silveira (ca.1580-1647), barón desde 1645. La relevancia de su figura y familia, de origen judeoconverso, se acrecienta al investigar sobre Beatriz de Silveira, esposa de Jorge de Paz, debido a que fue ella quien continuó en último término las actividades financieras de su marido tras su muerte y culminó los planes de visibilidad de su casa. Sin embargo, la prosperidad de los Silveira no habría sido posible sin una herramienta clave: su red relacional. Una red internacional y heterogénea, mayoritariamente compuesta por portugueses pero también por otros personajes de diferente origen territorial y religioso y en la que encontramos nobles, miembros de la administración y oligarcas urbanos. No obstante, entre todos ellos sobresalen dos hermanos lusos y judeoconversos: Alfonso y Gaspar Rodríguez Pasariño, fundadores de una de las compañías mercantiles más activas en el espacio atlántico durante la primera mitad del siglo XVII, con unos vínculos todavía más interesantes que los del propio Jorge de Paz.</subfield>
   </datafield>
   <datafield ind1="8" ind2=" " tag="024">
      <subfield code="a">978-84-10172-08-1</subfield>
   </datafield>
   <datafield ind1="8" ind2=" " tag="024">
      <subfield code="a">https://hdl.handle.net/20.500.14352/132269</subfield>
   </datafield>
   <datafield ind1="8" ind2=" " tag="024">
      <subfield code="a">https://publicaciones.um.es/publicaciones/public/obras/ficha.seam?numero=3107&amp;edicion=1</subfield>
   </datafield>
   <datafield ind2="0" ind1="0" tag="245">
      <subfield code="a">Capital y poder en la Monarquía Hispánica (1580-1660). Jorge de Paz Silveira, los hermanos Pasariño y las redes de negocio judeoconversas</subfield>
   </datafield>
</record></metadata></record></GetRecord></OAI-PMH>